| 000 | 00586nam a2200133Ia 4500 | ||
|---|---|---|---|
| 008 | 171207s9999 xx 000 0 und d | ||
| 100 | _aZiff, Katherine | ||
| 245 | _a“There’s Beauty in Brokenness”: Teaching Empathy Through Dialogue with Art | ||
| 245 | _cKatherine Ziff, Nathaniel Ivers & Kathleen Hutton | ||
| 260 | _c2017 | ||
| 300 | _apages 249-261, April-June 2017 | ||
| 440 |
_aJournal of Creativity in Mental Health _v12: |
||
| 650 | _aAffective empathy, art, counselor education, counselors, creativity in counseling, imagination, reflection of feeling, teaching empathy | ||
| 999 |
_c347690 _d347690 |
||